Maze Runner Characters by Picture - Statistics

General Stats
  • This quiz has been taken 231 times
  • The average score is 13 of 20
Answer Stats
Picture Answer % Correct
Thomas
97%
Newt
96%
Minho
91%
Chuck
90%
Teresa
89%
Gally
88%
Alby
85%
Frypan
76%
Ben
63%
Winston
62%
Brenda
58%
Aris
57%
Ava
54%
Jorge
43%
Janson
41%
Sonya
39%
Zart
36%
Harriet
35%
Jeff
32%
Vince
26%
No matching quizzes found
Score Distribution
Percent of People with Each Score
Percentile by Number Answered
Your Score History
You have not taken this quiz